00413nam a2200157Ia 4500001000500000005001700005008004100022041000800063082001900071100003000090245008200120260000900202300002800211650000800239654000800247390620260306145717.0260306t2019||||xx |||||||||||||| ||spa|| aESP a305.40985bR84 aRosas Lauro, ClaudiaeAUT 0aGénero y mujeres en la historia del Perú:bdel hogar al espacio público c2019 a631 páginas :c24 cm. aGEN aCHU